Técnicas de muestreo /

Guardado en:
Autor Corporativo: Universidad Nacional del Sur. Departamento de Ciencias Exactas.
Otros Autores: Sylvester, Gerardo A.
Formato: Libro
Idioma:Spanish
Publicado: Bahía Blanca : Universidad Nacional del Sur, Departamento de Ciencias Exactas, [1978]
Materias:
Etiquetas: Agregar Etiqueta
Sin Etiquetas, Sea el primero en etiquetar este registro!
LEADER 00611nam a22001575a 4500
001 EAD.ead003250
008 080718s1978####ag#d##########000#0#spa#d
005 20120918122618.0
245 0 0 |a Técnicas de muestreo /  |c Gerardo A. Sylvester y colaboradores. 
260 |a Bahía Blanca :  |b Universidad Nacional del Sur, Departamento de Ciencias Exactas,  |c [1978] 
300 |a v, 167 p. ;  |c 33 cm. 
700 1 |a Sylvester, Gerardo A. 
710 2 |a Universidad Nacional del Sur.  |b Departamento de Ciencias Exactas. 
082 0 4 |a 519.52  |2 21 
650 7 |a Muestreo.  |2 unbist 
859 |a AR-BaBDC  |b BIB. ADMINISTRACION - Libros  |h 519.52  |i Sy57  |p b00673